Developer's guide to web application security / (Record no. 5188)

MARC details
000 -LEADER
fixed length control field 00775nac a22002171u 4500
020 ## - INTERNATIONAL STANDARD BOOK NUMBER
International Standard Book Number 159749061X
082 ## - DEWEY DECIMAL CLASSIFICATION NUMBER
Classification number 005.8
Item number CRO
090 ## - LOCALLY ASSIGNED LC-TYPE CALL NUMBER (OCLC); LOCAL CALL NUMBER (OCLC)
-- 5188
-- 5188
100 ## - MAIN ENTRY--PERSONAL NAME
Personal name Cross, Michael
245 ## - TITLE STATEMENT
Title Developer's guide to web application security /
Statement of responsibility, etc Michael Cross
260 ## - PUBLICATION, DISTRIBUTION, ETC. (IMPRINT)
Place of publication, distribution, etc Rockland, MA :
Name of publisher, distributor, etc Syngress Publishing,2007
Date of publication, distribution, etc 2007
300 ## - PHYSICAL DESCRIPTION
Extent xxii, 489 p. :
Other physical details ill. ;
Dimensions 23 cm.
500 ## - GENERAL NOTE
General note Includes index
500 ## - GENERAL NOTE
General note distributer: Al-Ahram
511 ## - PARTICIPANT OR PERFORMER NOTE
Participant or performer note catalogued by: wessam
650 ## - SUBJECT ADDED ENTRY--TOPICAL TERM
Topical term or geographic name as entry element Websites
General subdivision Security measures
650 ## - SUBJECT ADDED ENTRY--TOPICAL TERM
Topical term or geographic name as entry element Computer networks
General subdivision Security measures
650 ## - SUBJECT ADDED ENTRY--TOPICAL TERM
Topical term or geographic name as entry element Computer security
942 ## - ADDED ENTRY ELEMENTS (KOHA)
Item type Book - Borrowing
Call number prefix 005.8CRO
Holdings
Withdrawn status Item status Damaged status Not for loan Home library Current library Shelving location Date acquired Source of acquisition Total Checkouts Total Renewals Full call number Barcode Date last seen Date last borrowed Koha item type
        Central Library Central Library Lower Floor 21/10/2007 Purchase 5 8 005.8CRO 000006372 15/07/2025 26/10/2013 Book - Borrowing
        Central Library Central Library Lower Floor 21/10/2007 Purchase     005.8CRO 000007302 15/07/2025   NB - Book (Non borrowing)